000 00939nam a2200217 a 4500
008 070316s2004 ||||||||||||||||| || u
020 _a074920513X
050 _aPAPERS/STAFF
100 _aBrennan, John
245 1 4 _aThe role of Universities in the transformation of societies
246 _aAn international research project
260 _aLondon
_bAssociation of commonwealth Universities,Centre for higher education and research
_c2004
300 _a72p.
350 _a0.00
650 _aMANAGEMENT INFORMATION SYSTEMS
650 _aECONOMIC CHANGE AND TRANSFORMATIONS--EFFECTS--UNIVERSTIES
650 _aPOLITICAL ETHICS
700 _aRogerKing and Yann Lebeau
710 _aAssociation of commonwealth Universities,Centre for higher education and research
995 _D0.00
_FCBU-MAIN LIBRARY (Kitwe)
_H1
_I0.00
_M1
_UAVAILABLE
_WMar 16, 2007
_ZUniversity Collection
999 _c56722
_d56722